Statistics for Geography Chain Pyramid Game #3

Click here to take the quiz!

General Stats

  • This quiz has been taken 2,797 times
  • The average score is 10 of 15

Answer Stats

Hint Answer % Correct
1Initial letter of Central American ''Canal'' countryP
98%
4Capital city of UkraineKiev
94%
11Southernmost African CountrySouth Africa
89%
3Tree which has nut called acornOak
84%
2The biggest Italian riverPo
80%
5Europe's longest riverVolga
79%
10Country with the smallest population in Africa (Island country)Seychelles
71%
9One of two Mesopotamian riversEuphrates
69%
13Politico-economic union of 28 member states, and capital city in BelgiumEuropean Union
69%
7Present day country of ancient CarthageTunisia
67%
6The highest mountain in Turkey, and traditional resting place of Noah's ArkArarat
61%
8Capital city of South AustraliaAdelaide
58%
14Northernmost county of EnglandNorthumberland
32%
15Movie with US city name in it, also song of band KISSDetroit Rock City
15%
12Level circular area of ground surrounded by higher groundAmphitheatre
6%

Score Distribution

Percentile by Number Answered

Percent of People with Each Score

Your Score History

You have not taken this quiz